Stolice Afryki - Statystyki

Ogólne statystyki
  • Ten quiz został rozwiązany 54 razy
  • Średni wynik to 37 z 54
Statystyki odpowiedzi
Państwo Stolica % Poprawnych
Algieria Algier
89%
Egipt Kair
89%
Maroko Rabat
89%
Tunezja Tunis
89%
Sierra Leone Freetown
83%
Republika PołudniowejAfryki Pretoria
83%
Etiopia Addis Abeba
78%
Madagaskar Antananarywa
78%
Gwinea Bissau Bissau
78%
Senegal Dakar
78%
Dżibuti Dżibuti
78%
DemokratycznaRepublika Konga Kinszasa
78%
Gabon Libreville
78%
Angola Luanda
78%
Kenia Nairobi
78%
Wyspy ŚwiętegoTomasza i Książęca Sao Tome
78%
Nigeria Abudża
72%
Ghana Akra
72%
Erytrea Asmara
72%
Sudan Chartum
72%
Sudan Południowy Dżuba
72%
Burundi Gitega
72%
Zambia Lusaka
72%
Eswatini Mbabane
72%
Benin Porto-Novo
72%
Libia Trypolis
72%
Seszele Victoria
72%
Gambia Bandżul
67%
Republika ŚrodkowejAfryki Bangi
67%
Kongo Brazzaville
67%
Botswana Gaborone
67%
Zimbabwe Harare
67%
Rwanda Kigali
67%
Niger Niamey
67%
Mauritius Port Louis
67%
Burkina Faso Wagadugu
67%
Tanzania Dodoma
61%
Wybrzeże KościSłoniowej Jamusukro
61%
Kamerun Jaunde
61%
Gwinea Konakry
61%
Togo Lome
61%
Somalia Mogadiszu
61%
Liberia Monrovia
61%
Mauretania Nawakszut
61%
Czad Ndżamena
61%
Republika ZielonegoPrzylądka Praia
61%
Mali Bamako
56%
Gwinea Równikowa Ciudad de la Paz
56%
Uganda Kampala
56%
Malawi Lilongwe
56%
Mozambik Maputo
56%
Lesotho Maseru
56%
Komory Moroni
56%
Namibia Windhuk
50%
Nie znaleziono quizów pasujących do podanych kryteriów
Rozkład punktacji
Procent ludzi z każdym wynikiem
Percentyl według liczby udzielonych odpowiedzi
Twoja historia wyników
Nie rozwiązałeś tego quizu